| 000 | 02977nam a2200301 a 4500 | ||
|---|---|---|---|
| 001 | 000048649 | ||
| 003 | DO-SdBNP | ||
| 005 | 20240610125956.0 | ||
| 007 | ta | ||
| 008 | 100317s2015 dr c 000 0 spa d | ||
| 020 | _a9789945891294 | ||
| 040 |
_aDO-SdBNP _bspa _cBPMSU |
||
| 082 | 4 |
_a801.93 _bR789i 2015 _222 |
|
| 100 | 1 |
_aRosario Candelier, Bruno, _d1941- |
|
| 100 | z |
_aCandelier, Bruno Rosario, _d1941 |
|
| 245 | 1 | 0 |
_aPoética del interiorismo : _bteoría de la estética literaria / _cBruno Rosario Candelier. |
| 260 |
_aMoca, República Dominicana : _bJudicial ; _bAteneo Insular Internacional, _c2015. |
||
| 300 |
_a438 p. : _bretrs. ; _c23 cm. |
||
| 490 | 0 |
_aEn la interior bodega, _v7 |
|
| 505 | 0 | _aIntroducción, 1.-- I. Vertiente teórica, 3.-- Poética interior, 5.-- Los ideales de la Poética Interior, 13.-- El Interiorismo en las letras hispanoamericanas, 23.-- Procedimientos de la Poética Interior, 53.-- Principios de la Poética Interior, 63.-- Técnica de la creación interiorista, 73.-- El sentido de la interioridad, 79.-- El camino de lo interior, 83.-- Lo ideal interiorista, 87.-- La imagen interiorista, 91.-- Filosofía del Interiorismo, 99.-- Sustancia y sentido del Interiorismo, 111.-- Breve historia del Ateneo Insular, 117.-- Fundamento estético del Interiorismo, 125.-- Filosofía del Interiorismo, 151.-- La interiorización metafísica, 179.-- Logos, interiorización y creación, 187.-- El proceso de interiorización en la creación literaria, 205.-- Experiencia poética y creación interiorista, 233.-- Orientación estética del Interiorismo, 219.-- La dimensión metafísica y filosófica de la Poética del Interiorismo, 233.-- Interiorismo y mística en las Antillas, 247.-- II. Entrevistas y reportajes, 261.-- Entrevista tele/radial sobre el Interiorismo, 263.-- Bruno Rosario Candelier: de Moca al mundo, 287.-- Aniversario del Ateneo Insular, 293.-- El Segundo Congreso Internacional del Interiorismo en Madrid, España, 303.-- En el XX Aniversario del Ateneo Insular, 317.-- V Congreso Internacional del Movimiento Interiorista en Barcelona, España, 321.-- Coloquio sobre el Interiorismo con escritores del Ateneo Insular, 325.-- Incorporación del grupo ¨Letras Veganas¨ al Interiorismo del Ateneo Insular, 337.-- Encuentro del Movimiento Interiorista en Santo Cerro, Concepción de La Vega Real, 341.-- Sobre la experiencia interiorista, 355.-- Encuentro del Grupo de Estudios Místicos del Movimiento Interiorista, 361.-- Diálogo sobre interioridad y trascendencia con poetas dominicanos en Madrid, 387.-- Entrevista sobre el Interiorismo, 395.-- Bases estatutarias del Ateneo Insular, 401.-- Conclusión, 413. | |
| 590 | _aInventariado, 2015/ VM | ||
| 650 | 4 | _aInteriorismo literario (movimiento literario) | |
| 650 | 4 |
_a Literatura dominicana _x |
|
| 650 | 4 |
_aLiteratura dominicana _xHistoria y crítica |
|
| 650 | 4 | _aPoética del Interiorismo | |
| 910 | _a VMateo V. Control de calidad. BPMSU | ||
| 942 |
_2ddc _cBK |
||
| 999 |
_c14656 _d14656 |
||